Ver con los otros : comunicación intercultural /

保存先:
書誌詳細
第一著者: Martín-Barbero, Jesús (autor)
その他の著者: Corona Berkin, Sarah (autor) (autor)
フォーマット: 図書
言語:スペイン語
出版事項: México : Fondo de Cultura Económica, 2017, c2017
シリーズ:(Comunicación Fondo de Cultura Económica)
主題:
タグ: タグ追加
タグなし, このレコードへの初めてのタグを付けませんか!

MARC

LEADER 00000nam^a2200000^a^4500
001 000399942
005 20250521000000.0
009 20260310121606.489
020 |a 978-607-16-5034-4 
037 |a Acervo ITESO - Biblioteca 
041 |a ESP 
082 |a 306. 446  |b MAR 
100 |a Martín-Barbero, Jesús  |e (autor) 
245 1 0 |a Ver con los otros :  |b comunicación intercultural /  |c J. Martín-Barbero, S. Corona Berkin. 
264 4 |a México :  |b Fondo de Cultura Económica,  |c 2017, c2017 
300 |a 151 p. 
336 |a texto  |b txt  |2 rdacontenido 
337 |a sin mediación  |b n  |2 rdamedio 
338 |a volumen  |b nc  |2 rdasoporte 
440 1 |a (Comunicación Fondo de Cultura Económica) 
521 |a FIL 2017 EEnlace Departamento de Estudios Socioculturales 
649 |a XX 
650 |a Comunicación Visual 
650 |a Relaciones Interculturales -  |x Tema Principal 
650 |a Diversidad Cultural 
650 |a Diferencia y Otredad 
650 |a Percepción Visual 
650 |a Percepción Social 
650 |a Antropología Cultural 
650 |a Sociología de la Comunicación 
650 |a Sociología de la Cultura 
700 |a Corona Berkin, Sarah  |e (autor) 
910 |a Fondo General 
920 |a Impresos - Libros 
930 |a Colección General 
905 |a 101 
901 |a 0500295267  |b IT1  |c ACC  |i c157826  |u 20250521 
902 |a https://opac.biblio.iteso.mx/vufind/Record/000399942